000 00709nam a2200241Ia 4500
003 OSt
005 20220928131354.0
006 a|||||r|||| 00| 0
007 ta
008 220927b |||||||| |||| 00| 0 eng d
024 _a131747
037 _cTextual
040 _aSDCL
_cSDCL
_beng
041 _2eng
_aeng
082 _aG9M:7p1,N86, M7
100 _aFirtel Richard A Ed.
_9477852
245 0 _aMolecular approaches to developmental biology.
260 _aNew York
_b Alan R Liss
_c1997
300 _axxiv,695p
_ccm.
700 _a Davidson Eric H Ed.
_9477853
942 _hG9M:7p1,N86, M7
_cTEXL
_2CC
999 _c790349
_d790349